| 000 | 00428nam a2200181Ia 4500 | ||
|---|---|---|---|
| 005 | 20240823005458.0 | ||
| 008 | 240823s9999||||xx |||||||||||||| ||und|| | ||
| 041 | _aENGLISH | ||
| 082 | _A004 N7 | ||
| 100 | _a"Rosch,Winn L" | ||
| 245 | 0 | _aHardware Bible | |
| 250 | _a1st | ||
| 260 |
_c1997 _b"Techmedia,New Delhi" |
||
| 500 | _aTRANSFERED | ||
| 650 |
_aHardware _bInformation Technology |
||
| 942 | _cBK | ||
| 999 |
_c155835 _d155835 |
||